| 000 | 01359nam1a22003011i 4500 | ||
|---|---|---|---|
| 001 | RU\NLR\INFOCOMM_249\5000000500 | ||
| 005 | 20240724124516.0 | ||
| 035 | _a(NLR Aleph) 009096597 | ||
| 090 |
_a8075296 _c8075296 |
||
| 100 | _a20090123g19801981|||y0rusy50 ba | ||
| 101 | 0 |
_aeng _drus |
|
| 102 | _aRU | ||
| 105 | _ay ||||000|y | ||
| 200 | 1 |
_aOn the lowest order electroweak corrections to spin ½ fermion scattering _fD. Yu. Bardin, P. Ch.Chistova, O. M. Fedorenko |
|
| 210 |
_aДубна _cОбъед. ин-т ядер. исслед. _d1980-1981 |
||
| 215 | _d21 см | ||
| 225 | 1 | _aОбъединенный институт ядерных исследований, Дубна | |
| 300 | _aНа обороте тит. л.: Об электрослабых поправках низшего порядка для рассеяния фермионов со спином 1/2 Бардин Д. Ю., Христова П. Х., Федоренко О.М. | ||
| 300 | _a"Submitted to " Nuclear physics B." | ||
| 320 | _aБиблиогр. в конце тома | ||
| 700 | 1 |
_9z03790 _aBardin _bD. J. _gDmitrij Jur'evič _4070 |
|
| 701 | 1 |
_aChristova _bP. Ch. _4070 |
|
| 701 | 1 |
_aFedorenko _bO. M. _gOleg Michajlovič _4070 |
|
| 790 | 1 |
_9z03700 _aBardin _bD. Yu. _4070 |
|
| 801 | 1 |
_aRU _bNLR _c20090123 |
|
| 801 | 0 |
_aRU _bNLR _gPSBO |
|
| 852 |
_aNLR _jФз01 Д-4/1245 |
||
| 942 | _cBOOK | ||